LEADER 01364nam0 22002891i 450 001 RML0305945 005 20231121125748.0 100 $a20121121d1980 ||||0itac50 ba 101 | $aita 102 $ait 181 1$6z01$ai $bxxxe 182 1$6z01$an 200 1 $a˜La œrinascita della tragedia nell'Italia dell'Umanesimo$eatti del 4. convegno di studio, $fCentro di studi sul teatro medioevale e rinascimentale 210 $a[Viterbo] $c[Union printing] $dstampa 1980 215 $a262 p.$d24 cm 300 $aIn testa al front.: Amministrazione provinciale di Viterbo; Centro iniziative artistiche e culturali dell'Amministrazione provinciale di Viterbo 606 $aTragedia italiana$xSec. 14.-15.$xCongressi$x1979$2FIR$3RMLC418851$9I 676 $a792.120902$9$v21 710 02$aCentro studi sul teatro medioevale e rinascimentale$c $3RMLV197220$0448692 801 3$aIT$bIT-01$c20121121 850 $aIT-FR0017 899 $aBiblioteca umanistica Giorgio Aprea$bFR0017 912 $aRML0305945 950 0$aBiblioteca umanistica Giorgio Aprea$d 52CIS 11/1952$e 52VM 0000759395 VM barcode:00066483. - Inventario:31838 FLSVM$fA $h20080723$i20121204 977 $a 52 996 $aRinascita della tragedia nell'Italia dell'Umanesimo$93631135 997 $aUNICAS